खलनायक / (Record no. 1551932)

MARC details
000 -LEADER
fixed length control field 01016nam a22002657a 4500
005 - DATE AND TIME OF LATEST TRANSACTION
control field 20220906115150.0
008 - FIXED-LENGTH DATA ELEMENTS--GENERAL INFORMATION
fixed length control field 220906b ii ||||| |||| 00| 0 eng d
020 ## - INTERNATIONAL STANDARD BOOK NUMBER
International Standard Book Number 9788126727803
Price Rs. 200.00
040 ## - CATALOGING SOURCE
Original cataloging agency NLI
Language of cataloging hin
Transcribing agency Hindi Division
041 0# - LANGUAGE CODE
Language code of text/sound track or separate title hin
044 ## - COUNTRY OF PUBLISHING/PRODUCING ENTITY CODE
MARC country code ii
082 04 - DEWEY DECIMAL CLASSIFICATION NUMBER
Edition number 23rd ed.
Classification number H 895.73
Book number Y 249 k
100 1# - MAIN ENTRY--PERSONAL NAME
Linkage 880-01
Personal name यी मुन यॉल
9 (RLIN) 812986
245 10 - TITLE STATEMENT
Linkage 880-02
Title खलनायक /
Statement of responsibility, etc. यी मुन यॉल; अनुवादक दिविक रमेश
260 ## - PUBLICATION, DISTRIBUTION, ETC.
Place of publication, distribution, etc. नई दिल्ली
Name of publisher, distributor, etc. राजकमल प्रकाशन
Date of publication, distribution, etc. 2015.
500 ## - GENERAL NOTE
General note 'Our twisted Hero' based on this Korean novel
650 #0 - SUBJECT ADDED ENTRY--TOPICAL TERM
Topical term or geographic name entry element Korean fiction
General subdivision translations into Hindi
9 (RLIN) 1425196
700 1# - ADDED ENTRY--PERSONAL NAME
Relationship अनुवादक
Linkage 880-03
Personal name दिविक रमेश
852 ## - LOCATION
Location BB
880 1# - ALTERNATE GRAPHIC REPRESENTATION
Linkage 100-01
a Yi Mun Yol
880 1# - ALTERNATE GRAPHIC REPRESENTATION
Linkage 245-02
a Khalanāyaka / Yi Mun Yol; translated by Divika Rameśa
880 1# - ALTERNATE GRAPHIC REPRESENTATION
Linkage 700-03
a Divika Rameśa, trl.
887 ## - NON-MARC INFORMATION FIELD
Data Entry Operator Name / Verifier Name g. shyam
942 ## - ADDED ENTRY ELEMENTS (KOHA)
Source of classification or shelving scheme Dewey Decimal Classification
Koha item type Books
Holdings
Withdrawn status Lost status Source of classification or shelving scheme Damaged status Not for loan Collection code Home library Current library Shelving location Date acquired Total Checkouts Full call number Barcode Date last seen Price effective from Koha item type
    Dewey Decimal Classification     Hindi National Library of India National Library of India Hindi - Book - Main Stack Division 06/09/2022   H 895.73 Y 249 k DBA000123094HIN 06/09/2022 06/09/2022 Books
                                                                           
web counter

Copyright ©2020 The National Library of India, Govt. of India ↔ Hosted by NVLI, MOC ↔ Technology and Design by National Library of India, Ministry of Culture, Govt. of India